Eloges

Kaydedildi:
Detaylı Bibliyografya
Yazar: Saint-John, Perse (Yazar)
Materyal Türü: Kitap
Dil:Fransızca
Baskı/Yayın Bilgisi: París Gallimard 1960
Konular:
Etiketler: Etiketle
Etiket eklenmemiş, İlk siz ekleyin!

MARC

LEADER 00000nam a2200000 a 4500
001 UCO5410
003 CL-VaPUC
008 000901e19600000FR |||||||||||||||||fre|d
082 0 4 |a 841  |b SAI  |2 21 
100 0 |a Saint-John, Perse  |e author  |9 450164 
245 1 0 |a Eloges 
246 1 3 |a La gloire des rois 
246 1 0 |a Anabase 
246 1 0 |a Exil 
300 |a 221 p 
942 |c BK 
945 |d 20000901 00:00:00  |a crobeson 
260 |a París  |b Gallimard  |c 1960 
500 |a v.1: Eloges - la glorie des rois - Anabase - exil 
650 0 |a Poesías francesas  |9 265467 
650 0 |a Literatura francesa  |9 266330 
583 |a last modification  |c 20000901 00:00:00  |k Rodrigo Vera 
999 |c 291272  |d 291270 
952 |0 0  |1 0  |4 0  |6 841_000000000000000_SAI_1960  |7 0  |8 A  |9 341078  |a BIBART  |b BIBART  |d 2019-11-20  |i 1220020  |o 841 SAI 1960  |p 1220020  |r 2025-03-13  |w 2019-11-20  |y BK  |k ART